000 00404nam a2200157Ia 4500
008 230312s9999||||xx |||||||||||||| ||und||
020 _a0-7506-5611-5
082 _a629.138
_bMCF-M
100 _aMcFarlane;Bob
245 0 _aModelling with AutoCAD 2002
260 _bButterworth Heinemann
_aUSA
_c2002
300 _a336
546 _aEng.
650 _aAviation
_vModelling with AutoCAD 2002
942 _cBK
999 _c7273
_d7273